000 00503nam a22001577a 4500
020 _a9788181112415
082 _aH1
_bHAR/G
100 _aHarpalsingh 'Arush'
_946750
245 _aGaav phir bi jinda hei/
_cby Harpalsingh 'Arush'
260 _aMadhura:
_bJawahar Pusthakalay,
_c2013.
300 _a96p.
650 _aPoetry Hindi
_946751
650 _aLiterature Hindi
_946752
650 _aLiterature
_946753
942 _cBK
999 _c71674
_d71674